<?xml version="1.0" encoding="UTF-8"?>
<collection xmlns="http://www.loc.gov/MARC21/slim">
    <record>
        <controlfield tag="001">30921</controlfield>
        <controlfield tag="005">20150429092301.0</controlfield>
        <datafield tag="037" ind1=" " ind2=" ">
            <subfield code="a">TAZ-TFG-2014-2883</subfield>
        </datafield>
        <datafield tag="041" ind1=" " ind2=" ">
            <subfield code="a">spa</subfield>
        </datafield>
        <datafield tag="100" ind1="1" ind2=" ">
            <subfield code="a">Pinazo Latorre, Marta</subfield>
        </datafield>
        <datafield tag="245" ind1="0" ind2="0">
            <subfield code="a">Las TIC en el ámbito educativo: diseño de un recurso para trabajar las emociones en inglés y español</subfield>
        </datafield>
        <datafield tag="260" ind1=" " ind2=" ">
            <subfield code="a">Zaragoza</subfield>
            <subfield code="b">Universidad de Zaragoza</subfield>
            <subfield code="c">2014</subfield>
        </datafield>
        <datafield tag="500" ind1=" " ind2=" ">
            <subfield code="a">The evolution of new technologies has made them useful for everyday activities, including those for the teaching and learning of children. The variety of technological resources and their possibilities increase their use in education, offering a different way of teaching and using resources other than conventional blackboards. In language teaching, ICT (Information and Communication Technologies) have a variety of applications from teaching pronunciation to explaining grammar or vocabulary. In the study of a foreign language in early childhood education, ICT are fundamental because they are part of an educational games, songs and information through images. To work with ICT, teachers have to spend more time on class preparation and updating their knowledge. The teacher will be able to prepare activities of his/her own, according to the level and development of his/her pupils.</subfield>
        </datafield>
        <datafield tag="506" ind1=" " ind2=" ">
            <subfield code="a">by-nc-sa</subfield>
            <subfield code="b">Creative Commons</subfield>
            <subfield code="c">3.0</subfield>
            <subfield code="u">http://creativecommons.org/licenses/by-nc-sa/3.0/</subfield>
        </datafield>
        <datafield tag="520" ind1=" " ind2=" ">
            <subfield code="a">La evolución de las nuevas tecnologías ha hecho que sean útiles para actividades cotidianas, incluso para el proceso de enseñanza-aprendizaje de los niños. La variedad de recursos tecnológicos y sus utilidades hacen que cada vez se empleen más en el ámbito educativo, ofreciendo una forma distinta de enseñanza y utilizando otros recursos  diferentes a la pizarra convencional.  En la enseñanza de un idioma, las TIC tienen una gran variedad de aplicaciones, desde el correcto aprendizaje de la pronunciación hasta la explicación de gramática o vocabulario. En el estudio de una lengua extranjera en Educación Infantil, las TIC son fundamentales ya que se parte de una educación de carácter lúdico basada en juegos, canciones y ofrece una óptima  información a través de imágenes. Para trabajar con TIC, el docente tendrá que dedicar más tiempo a la preparación de las clases y a la actualización de sus conocimientos.  Podrá crear actividades propias, adecuadas al nivel y ritmo de aprendizaje de sus alumnos, pudiendo elegir el idioma que más le interese para cada ejercicio planteado.</subfield>
        </datafield>
        <datafield tag="521" ind1=" " ind2=" ">
            <subfield code="a">Graduado en Maestro Educación Infantil</subfield>
        </datafield>
        <datafield tag="540" ind1=" " ind2=" ">
            <subfield code="a">Derechos regulados por licencia Creative Commons</subfield>
        </datafield>
        <datafield tag="653" ind1="1" ind2=" ">
            <subfield code="a">nuevas tecnologías (tic)</subfield>
        </datafield>
        <datafield tag="653" ind1="1" ind2=" ">
            <subfield code="a">enseñanza-aprendizaje</subfield>
        </datafield>
        <datafield tag="653" ind1="1" ind2=" ">
            <subfield code="a">recursos</subfield>
        </datafield>
        <datafield tag="653" ind1="1" ind2=" ">
            <subfield code="a">idioma </subfield>
        </datafield>
        <datafield tag="653" ind1="1" ind2=" ">
            <subfield code="a">lúdico</subfield>
        </datafield>
        <datafield tag="700" ind1=" " ind2=" ">
            <subfield code="a">Pérez Jiménez, José Ángel</subfield>
            <subfield code="e">dir.</subfield>
        </datafield>
        <datafield tag="710" ind1="2" ind2=" ">
            <subfield code="a">Universidad de Zaragoza</subfield>
            <subfield code="b">Filología Inglesa y Alemana</subfield>
            <subfield code="c">Filología Inglesa</subfield>
        </datafield>
        <datafield tag="720" ind1="2" ind2=" ">
            <subfield code="a">Górriz Villarroya, Manuel</subfield>
            <subfield code="e">ponente</subfield>
        </datafield>
        <datafield tag="856" ind1="0" ind2=" ">
            <subfield code="f">578401@celes.unizar.es</subfield>
        </datafield>
        <datafield tag="856" ind1="4" ind2=" ">
            <subfield code="s">1308899</subfield>
            <subfield code="u">http://zaguan.unizar.es/record/30921/files/TAZ-TFG-2014-2883.pdf</subfield>
            <subfield code="y">Memoria (spa)</subfield>
            <subfield code="z">Memoria (spa)</subfield>
        </datafield>
        <datafield tag="856" ind1="4" ind2=" ">
            <subfield code="s">967681</subfield>
            <subfield code="u">http://zaguan.unizar.es/record/30921/files/TAZ-TFG-2014-2883_ANE.pdf</subfield>
            <subfield code="y">Anexos (spa)</subfield>
            <subfield code="z">Anexos (spa)</subfield>
        </datafield>
        <datafield tag="909" ind1="C" ind2="O">
            <subfield code="o">oai:zaguan.unizar.es:30921</subfield>
            <subfield code="p">driver</subfield>
            <subfield code="p">trabajos-fin-grado</subfield>
        </datafield>
        <datafield tag="950" ind1=" " ind2=" ">
            <subfield code="a"></subfield>
        </datafield>
        <datafield tag="951" ind1=" " ind2=" ">
            <subfield code="a">deposita:2015-04-21</subfield>
        </datafield>
        <datafield tag="980" ind1=" " ind2=" ">
            <subfield code="a">TAZ</subfield>
            <subfield code="b">TFG</subfield>
            <subfield code="c">FCSH</subfield>
        </datafield>
    </record>

    
</collection>